International human resource management / (Record no. 26850)

MARC details
000 -LEADER
fixed length control field 00934nam a22002417a 4500
005 - DATE AND TIME OF LATEST TRANSACTION
control field 20090527113814.0
008 - FIXED-LENGTH DATA ELEMENTS--GENERAL INFORMATION
fixed length control field 080806t xxu||||| |||| 00| 0 eng d
010 ## - LCCN (DPL NO)
LC control number ENG-93757
020 ## - INTERNATIONAL STANDARD BOOK NUMBER
Terms of availability 360.00
035 ## - SYSTEM CONTROL NUMBER
System control number EN-77290
037 ## - SOURCE OF ACQUISITION
Source of stock number/acquisition DBAD / PUB
040 ## - CATALOGING SOURCE
Original cataloging agency DPL
Language of cataloging English
082 ## - DEWEY DECIMAL CLASSIFICATION NUMBER
Classification number 658.3
100 ## - MAIN ENTRY--PERSONAL NAME
Personal name Rao, P. Subba
245 ## - TITLE STATEMENT
Title International human resource management /
Statement of responsibility, etc by P. Subba Rao
260 ## - PUBLICATION, DISTRIBUTION, ETC. (IMPRINT)
Place of publication, distribution, etc New Delhi
Name of publisher, distributor, etc Himalaya Publishing House
Date of publication, distribution, etc 2009
270 ## - ADDRESS
Address Pooja Apartments, 4-B, Murari Lal Street, Ansari Road, Daryaganj,
City New Delhi
Postal code 110002
300 ## - PHYSICAL DESCRIPTION
Extent 504p.
Dimensions 30cm(pbk)
500 ## - GENERAL NOTE
General note Includes index
650 ## - SUBJECT ADDED ENTRY--TOPICAL TERM
Topical term or geographic name as entry element International business enterprises
General subdivision Personnel management
942 ## - ADDED ENTRY ELEMENTS (KOHA)
Source of classification or shelving scheme Dewey Decimal Classification
Item type English Books
Classification part 658.3
Call number suffix RAO
Holdings
Withdrawn status Lost status Source of classification or shelving scheme Damaged status Not for loan Collection code Home library Current library Date acquired Source of acquisition Cost, normal purchase price Total Checkouts Full call number Barcode Date last seen Copy number Cost, replacement price Koha item type
    Dewey Decimal Classification   Not For Loan Non-fiction D.B.Act.Division D.B.Act.Division 27/05/2009 DBAD / PUB 360.00   658.3 RAO EN-77290 27/05/2009 1 360.00 English Books

© Delhi Public Library
Hit Counter
free hit counter